Liberi liberi (Record n. 101730)

Dettagli MARC
000 -LEADER
fixed length control field 01012njm a2200301Ia 4500
001 - CONTROL NUMBER
control field D3622
003 - CONTROL NUMBER IDENTIFIER
control field IT-RoPAU
005 - DATE AND TIME OF LATEST TRANSACTION
control field 20220918181147.0
008 - FIXED-LENGTH DATA ELEMENTS--GENERAL INFORMATION
fixed length control field 131025s9999 xx 000 0 und d
040 ## - CATALOGING SOURCE
Original cataloging agency IT-RoPAU
040 ## - CATALOGING SOURCE
Transcribing agency IT-RoPAU
041 ## - LANGUAGE CODE
Language code of text/sound track or separate title ITALIANO
999 ## - SYSTEM CONTROL NUMBERS (KOHA)
Koha Dewey Subclass [OBSOLETE] n.d.
100 ## - MAIN ENTRY--PERSONAL NAME
Personal name Belli Roberto
9 (RLIN) 30858
100 ## - MAIN ENTRY--PERSONAL NAME
Relator term Autore musica
9 (RLIN) 30859
100 ## - MAIN ENTRY--PERSONAL NAME
Miscellaneous information Codice autore musica SPICS: 44783
9 (RLIN) 30860
245 ## - TITLE STATEMENT
Title Liberi liberi
250 ## - EDITION STATEMENT
Edition statement 1a ed.
260 ## - PUBLICATION, DISTRIBUTION, ETC. (IMPRINT)
Place of publication, distribution, etc. ROMA
260 ## - PUBLICATION, DISTRIBUTION, ETC. (IMPRINT)
Name of publisher, distributor, etc. EP - MUSICALI E DISCOGRAFICHE
Date of publication, distribution, etc. 1995 [1a Ed.:1995 - Ed. Lingua Orig.: 1995]
300 ## - PHYSICAL DESCRIPTION
Extent MUSICASSETTA
300 ## - PHYSICAL DESCRIPTION
Dimensions 45 minuti (Testo: pag.)
500 ## - GENERAL NOTE
General note Musica religiosa. Basi musicali.
505 ## - FORMATTED CONTENTS NOTE
Formatted contents note Voglio la libertà - Chi pecora si fa - Libera - Libertà non ce n'è - Che cos'è la libertà - Liberi liberi.
650 ## - SUBJECT ADDED ENTRY--TOPICAL TERM
Topical term or geographic name as entry element RELIGIOSO [CASSETTE]
Relator term Codice MATERIA SPICS: 9951
9 (RLIN) 785
700 ## - ADDED ENTRY--PERSONAL NAME
Personal name Lasconi Tonino
Relator term Autore testo e musica
Miscellaneous information Codice autore testo/musica SPICS: 4842
9 (RLIN) 30861
942 ## - ADDED ENTRY ELEMENTS (KOHA)
Koha item type MUSICASSETTE
Source of classification or shelving scheme Dewey Decimal Classification
Dati di copia
Withdrawn status Lost status Damaged status Not for loan Home library Current library Date acquired Total Checkouts Full call number Date last seen Price effective from Koha item type Public note
    Buone Condizioni Not For Loan SPICS-MEDIATECA SPICS-MEDIATECA 25/10/2013   D3622 25/10/2013 25/10/2013 MUSICASSETTE Progr. Ins.: 1943 / N.Vol.: 1 / Copie: 1 - Copia rara: n.d. / date import: 01.01.2014 - By Epidotti, Trombetti, Vaglietti
CREDITS: SOCIETA' SAN PAOLO Via A.Severo, 58 - ROMA (RM) & PERIODICI SAN PAOLO SRL Via Giotto, 36 MILANO & CISF Via Giotto, 36 MILANO & EDIZIONI SAN PAOLO SRL,  Piazza Soncino, 5 CINISELLO BALSAMO (MI) -- ITALY